[Event "World Amateur-ch U2000"]
[Site "Cagliari"]
[Date "2018.04.27"]
[Round "7"]
[White "Colombrini, Adolfo"]
[Black "Liguori, Aniello"]
[Result "0-1"]
[WhiteElo "1754"]
[BlackElo "1707"]
[PlyCount "54"]
[EventDate "2018.04.22"]
[EventType "swiss"]
[EventRounds "9"]
[EventCountry "ITA"]
[SourceTitle "CBM 184 Extra"]
[Source "ChessBase"]
[SourceDate "2018.06.28"]
[SourceVersion "1"]
[SourceVersionDate "2018.06.28"]
[SourceQuality "1"]

1. e4 g6 2. d4 Bg7 3. Nc3 d6 4. Be3 Nd7 5. f3 e6 6. Bc4 a6 7. a4 Ne7 8. Bb3 b6 9. Qd2 h6 10. Nge2 Bb7 11. Nd1 c5 12. c3 Qc7 13. dxc5 Nxc5 14. Bc2 Rd8 15. Bd4 0-0 16. Bxg7 Kxg7 17. b4 Nd7 18. Ne3 d5 19. exd5 Nxd5 20. Nxd5 Bxd5 21. Qe3 Nf6 22. Bd3 Bc4 23. Bxc4 Qxc4 24. Qxb6 Qd3 25. Kf2 Rd6 26. Rhd1 Qxd1 27. Rxd1 Rxb6 0-1

[Event "World Amateur-ch U2000"]
[Site "Cagliari"]
[Date "2018.04.22"]
[Round "1"]
[White "Liguori, Aniello"]
[Black "Santilli, Enrico"]
[Result "1/2-1/2"]
[WhiteElo "1707"]
[BlackElo "1879"]
[PlyCount "91"]
[EventDate "2018.04.22"]
[EventType "swiss"]
[EventRounds "9"]
[EventCountry "ITA"]
[SourceTitle "CBM 184 Extra"]
[Source "ChessBase"]
[SourceDate "2018.06.28"]
[SourceVersion "1"]
[SourceVersionDate "2018.06.28"]
[SourceQuality "1"]

1. d4 f5 2. Nf3 g6 3. e3 Nf6 4. Nbd2 Bg7 5. Bd3 d6 6. Nc4 0-0 7. 0-0 b5 8. Ncd2 a6 9. e4 fxe4 10. Nxe4 Nxe4 11. Bxe4 d5 12. Bd3 Bg4 13. Be2 Nd7 14. Ng5 Bxe2 15. Qxe2 Rf6 16. Ne6 Qc8 17. Bg5 Rf7 18. Rfe1 Nf6 19. f3 Ne4 20. fxe4 Qxe6 21. e5 Raf8 22. Rf1 Rxf1+ 23. Rxf1 Rxf1+ 24. Qxf1 Qg4 25. Be3 e6 26. Qf3 Qf5 27. Qxf5 gxf5 28. Kf1 Kf7 29. Ke2 c5 30. c3 cxd4 31. cxd4 Kg6 32. Kf3 Bf8 33. g4 Be7 34. gxf5+ Kxf5 35. b3 Bb4 36. Bf2 Bd2 37. a4 h5 38. axb5 axb5 39. h4 Bc3 40. Be3 Bb2 41. Bf2 Bc1 42. Bg3 Bd2 43. Bf2 Bc3 44. Be3 Be1 45. Bg5 Ba5 46. Be3 1/2-1/2